000 00975cam a2200277 a 4500
001 8821
003 BD-RjUL
005 20211208234647.0
008 140119s1995 bg b 001 0 eng
035 _a(BD-RjUL)8866
040 _aDLC
_cDLC
_beng
_dBD-RjUL
041 _aeng
082 0 0 _a342.5492
_220
_bISC 1995
100 1 _aIslam, Mahmudul.
_927421
245 1 0 _aConstitutional law of Bangladesh /
_cMahmudul Islam.
260 _aDhaka :
_bBangladesh Institute of Law and International Affairs,
_c1995.
300 _alxvi, 733 p. ;
_c23 cm.
500 _a"The Constitution of the Peoples Republic of Bangladesh": p. [629]-719.
504 _aIncludes bibliographical references and index.
650 0 _aConstitutional law
_zBangladesh.
_927422
710 2 _aBangladesh Institute of Law and International Affairs.
_927423
710 1 2 _aBangladesh.
_tSaṃbidhāna.
_lEnglish.
_f1995.
_927424
942 _2ddc
_cBK
_09
999 _c8821
_d8821